Handbook of tables for probability and statistics (Record no. 21333)

MARC details
000 -LEADER
fixed length control field 00300nam a2200109Ia 4500
082 ## - DEWEY DECIMAL CLASSIFICATION NUMBER
Classification number 311(035)
Item number BEY
245 #0 - TITLE STATEMENT
Title Handbook of tables for probability and statistics
260 ## - PUBLICATION, DISTRIBUTION, ETC. (IMPRINT)
Place of publication Ohio
Name of publisher Chemical Rubber
Year of publication 1966
700 ## - ADDED ENTRY--PERSONAL NAME
Personal name Beyer, William H
942 ## - ADDED ENTRY ELEMENTS (KOHA)
Koha item type Books
Holdings
Withdrawn status Lost status Damaged status Not for loan Home library Current library Date acquired Full call number Accession Number Koha item type
        RRII Library RRII Library 16/12/2021 311(035) BEY 02048 Books